Statistiques concernant Légumes de saison (2)

Cliquez ici pour prendre le quiz!

Statistiques générales

  • Ce quiz a été pris 119 fois
  • Le résultat moyen est 10 sur 20

Statistiques - réponses

IndiceRéponse% Correct
Dénomination familièrePatate
98%
Tubercule nourrissantPomme de terre
97%
Maintenant on appelle ça un "écrasé", ça fait plus chic !Purée
90%
Spécialité belgeFrite
87%
Spécialité de l'apéro et des piques-niquesChips
79%
Variété tropicale sucréePatate douce
75%
Jouet composé d'une tête à laquelle on ajoute divers accessoiresMonsieur Patate
67%
Composant majeur de ce tubercule, qui le rend si nourrissantAmidon
65%
Variété industrielle du précédent. On peut y "faire un petit volcan pour mettre du jus dedans" !Mousline
63%
Spécialité alpineTartiflette
49%
Spécialité de l'AubracAligot
45%
Variété à chair ferme à laquelle on a donné un prénomCharlotte
40%
Variété notamment produite au TouquetRatte
33%
Spécialité iséroise ?Gratin dauphinois
32%
Parasite emblématique de cette cultureDoryphore
31%
Variété la plus cultivée en France, originaire des Pays-BasBintje
27%
Idéal pour utiliser les restes de pot-au-feuHachis parmentier
24%
Département français plus gros producteurSomme
18%
Etat des USA surnommé "potato state"Idaho
16%
Encore une spécialité iséroise ?Pommes dauphines
6%

Distribution des résultats

Percentile par nombre de réponses

% des personnes avec chaque résultat

Votre développement - résultats

Vous n’avez pas pris ce quiz